Statistiken für Zufällige Deutsche Kfz Kennzeichen (2 Buchstaben)

Klicken Sie hier um das Quiz zu spielen!

Allgemein

  • Dieses Quiz wurde 2.561 mal gespielt
  • Das Durchschnittsergebnis liegt bei 8 aus 20

Antwortstatistiken

KürzelOrt/Landkreis% Korrekt
BBerlin
96%
HHHamburg
96%
KKöln
92%
NNürnberg
92%
SStuttgart
92%
JJena
89%
MMünchen
89%
FFrankfurt
88%
ULUlm/Alb-Donau
88%
CChemnitz
85%
OFOffenbach am Main
85%
EEssen
84%
Göttingen
84%
Würzburg
84%
HHannover
81%
DDüsseldorf
80%
PPotsdam
80%
RVRavensburg
79%
DADarmstadt/Darmstadt-Dieburg
78%
DDDresden
78%
FLFlensburg
78%
ACAachen
77%
LLeipzig
77%
Fürth
76%
KAKarlsruhe
76%
AAAalen/Ostalbkreis
75%
DODortmund
75%
GEGelsenkirchen
75%
OLOldenburg
75%
WIWiesbaden
75%
FFFrankfurt (Oder)
74%
HIHildesheim
74%
GIGießen
73%
SBSaarbrücken
72%
BNBonn
71%
CECelle
71%
KIKiel
71%
MAMannheim
71%
BOBochum
69%
AAugsburg
67%
FRFreiburg/Breisgau-Hochschwarzwald
67%
KOKoblenz
66%
OBOberhausen
66%
RERecklinghausen
66%
INIngolstadt
65%
MZMainz/Mainz-Bingen
65%
OSOsnabrück
65%
RRegensburg
65%
BIBielefeld
64%
ESEsslingen
64%
COCoburg
63%
EUEuskirchen
62%
MIMinden/Minden-Lübbecke
62%
PBPaderborn
62%
HAHagen
61%
Tübingen
61%
HBBremen/Bremerhaven
60%
TRTrier/Trier-Saarburg
60%
WWuppertal
60%
DUDuisburg
59%
HDHeidelberg/Rhein-Neckar
59%
UEUelzen
59%
ZZwickau
58%
UNUnna
57%
WOWorms
57%
FDFulda
56%
MGMönchengladbach
56%
MSMünster
56%
PFPforzheim/Enzkreis
56%
ABAschaffenburg
55%
GGera
55%
NFNordfriesland
55%
Lörrach
54%
ERErlangen
53%
IZItzehoe/Steinburg
53%
NENeuss/Rhein-Kreis Neuss
53%
KNKonstanz
52%
RSRemscheid
52%
SISiegen/Siegen-Wittgenstein
52%
SOSoest
52%
EFErfurt
51%
PAPassau
51%
BSBraunschweig
50%
PLPlauen/Vogtlandkreis
50%
VVogtland
49%
GMGummersbach/Oberbergischer Kreis
48%
HZHarz
48%
KRKrefeld
48%
LALandshut
48%
AMAmberg
46%
LULudwigshafen am Rhein
46%
RTReutlingen
46%
CBCottbus
45%
KSKassel
45%
MYMayen/Mayen-Koblenz
45%
SLSchleswig/Schleswig-Flensburg
45%
SESegeberg
45%
CWCalw
44%
KLKaiserslautern
44%
LBLudwigsburg
44%
MDMagdeburg
44%
MMMemmingen
44%
RORosenheim
44%
ZZZeitz/Burgenlandkreis
44%
Altötting
43%
HXHöxter
43%
MHMülheim an der Ruhr
43%
BZBautzen
42%
BBBöblingen
42%
GZGünzburg
42%
LMLimburg/Limburg-Weilburg
42%
OEOlpe
42%
AWAhrweiler
41%
ENEnnepe/Ennepe-Ruhr
41%
RARastatt
41%
FBFriedberg/Wetteraukreis
40%
GLGladbach/Rheinisch-Bergischer Kreis
40%
GTGütersloh
40%
SGSolingen
40%
AHAhaus/Borken
39%
GGGroß-Gerau
39%
HLLübeck
39%
EEElbe-Elster
38%
HMHameln/Hameln-Pyrmont
38%
PIPinneberg
38%
SZSalzgitter
38%
KEKempten
37%
KGBad Kissingen
36%
EMEmmendingen
36%
GFGifhorn
36%
NUNeu-Ulm
36%
RWRottweil
36%
GSGoslar
35%
IKIlm-Kreis
35%
LLLandsberg am Lech
35%
MKMärkischer Kreis
35%
NPNeuruppin/Ostprignitz-Ruppin
35%
DEDessau/Dessau-Roßlau
34%
HPHeppenheim/Bergstraße
34%
NTNürtingen/Esslingen
34%
AUAue/Erzgebirgskreis
33%
BHBühl/Ortenaukreis, Rastatt
33%
GPGöppingen
33%
HYHoyerswerda/Bautzen
33%
VSVillingen-Schwenningen/Schwarzwald-Bahr
33%
AEAuerbach/Vogtlandkreis
32%
FSFreising
32%
HNHeilbronn
32%
KFKaufbeuren
32%
Nördlingen/Donau-Ries
32%
OAOberallgäu
32%
OGOffenburg/Ortenaukreis
32%
PMPotsdam, Mittelmark
32%
RZRatzeburg/Herzogtum Lauenburg
32%
DHDiepholz
31%
GKGeilenkirchen/Heinsberg
31%
HFHerford
31%
LDLandau
31%
MEMettmann
31%
NBNeubrandenburg
31%
PEPeine
31%
TSTraunstein
31%
ÜBÜberlingen/Bodenseekreis+Lkr. Ravensburg
31%
AKAltenkirchen
30%
CRCrailsheim/Schwäbisch Hall
30%
LPLippstadt/Soest
30%
TOTorgau,Oschatz/Nordsachsen
30%
WLWinsen (Luhe)/Harburg
30%
BTBayreuth
29%
KUKulmbach
29%
MRMarburg/Marburg-Biedenkopf
29%
MOMoers/Wesel
29%
NINienburg/Nienburg/Weser
29%
SNSchwerin
29%
SPSpeyer
29%
STSteinfurt
29%
UMUckermark
29%
ZIZittau/Görlitz
29%
APApolda/Weimarer Land
28%
KHBad Kreuznach
28%
BABamberg
28%
Güstrow/Rostock
28%
ILIlmenau/Ilm-Kreis
28%
NRNeuwied am Rhein
28%
PSPirmasens/Südwestpfalz
28%
RPRhein-Pfalz-Kreis
28%
RIRinteln/Schaumburg
28%
ANAnsbach
27%
EIEichstätt
27%
SUSiegburg/Rhein-Sieg-Kreis
27%
ZEZerbst/Anhalt-Bitterfeld
27%
FOForchheim
26%
FGFreiberg/Mittelsachsen
26%
LGLüneburg
26%
WMWeilheim/Weilheim-Schongau
26%
BMBergheim/Rhein-Erft
25%
DZDelitzsch/Nordsachsen
25%
EDErding
25%
KKKempen, Krefeld/Viersen
25%
NKNeunkirchen
25%
OHOstholstein
25%
RCReichenbach/Vogtlandkreis
25%
VBVogelsberg
25%
AZAlzey/Alzey-Worms
24%
GWGreifswald/Vorpommern-Greifswald
24%
JLJerichower Land
24%
NWNeustadt an der Weinstraße
24%
OCOschersleben/Börde
24%
RNRathenow/Havelland
24%
RDRendsburg/Rendsburg-Eckernförde
24%
SWSchweinfurt
24%
UHUnstrut-Hainich
24%
VKVölklingen
24%
WFWolfenbüttel
24%
GRGörlitz
23%
GVGrevenbroich/Rhein-Neuss
23%
HEHelmstedt
23%
KWKönigs Wusterhausen/Dahme-Spreewald
23%
MWMittweida/Mittelsachsen
23%
PWPasewalk/Vorpommern-Greifswald
23%
OD(Bad) Oldesloe/Stormarn
22%
HCHainichen/Mittelsachsen
22%
HOHof
22%
KYKyritz/Ostprignitz-Ruppin
22%
MBMiesbach
22%
NYNiesky/Görlitz
22%
SRStraubing/Straubing-Bogen
22%
WEWeimar
22%
DIDieburg/Darmstadt-Dieburg
21%
HUHanau/Main-Kinzig
21%
HSHeinsberg
21%
KBKorbach/Waldeck-Frankenberg
21%
LILindau
21%
MNMindelheim/Unterallgäu
21%
RURudolstadt/Saalfeld-Rudolstadt
21%
SYSyke/Diepholz
21%
ZRZeulenroda/Greiz
21%
ZWZweibrücken/Südwestpfalz
21%
OPOpladen/Leverkusen
20%
WNWaiblingen/Rems-Murr
20%
DWDippoldiswalde/Sächsische Schweiz-Osterzgebirge
19%
FNFriedrichshafen/Bodenseekreis
19%
NZNeustrelitz/Mecklenburgische Seenplatte
19%
OKOhrekreis/Börde
19%
TTTettnang/Bodenseekreis
19%
WTWaldshut
19%
WGWangen/Ravensburg
19%
WSWasserburg/Rosenheim
19%
BKBacknang
18%
BLBalingen/Zollernalbkreis
18%
FZFritzlar/Schwalm-Eder
18%
HKHeidekreis
18%
KTKitzingen
18%
MLMansfelder Land/Mansfeld-Südharz
18%
NHNeuhaus/Sonneberg
18%
SKSaalekreis
18%
ASAmberg-Sulzbach
17%
BCBiberach
17%
EGEggenfelden/Rottal-Inn
17%
NMNeumarkt/Neumarkt in der Oberpfalz
17%
RMRöbel/Müritz / Mecklenburgische Seenplatte
17%
TETecklenburg/Steinfurt
17%
TFTeltow-Fläming
17%
WKWittstock/Ostprignitz-Ruppin
17%
DMDemmin/Mecklenburgische Seenplatte
16%
HGHomburg/Hochtaunuskreis
16%
LCLuckau/Dahme-Spreewald
16%
MQMerseburg, Querfurt/Saalekreis
16%
EAEisenach
15%
ELEmsland
15%
GDGmünd/Ostalbkreis
15%
KMKamenz/Bautzen
15%
KCKronach
15%
LNLübben/Dahme-Spreewald
15%
PZPrenzlau/Uckermark
15%
PRPrignitz
15%
SMSchmalkalden/Schmalkalden-Meiningen
15%
ZPZschopau/Erzgebirgskreis
15%
ATAltentreptow/Mecklenburgische Seenplatte
14%
DNDüren
14%
FWFürstenwalde/Oder-Spree
14%
GAGardelegen/Altmarkkreis Salzwedel
14%
GCGlauchau/Zwickau
14%
PNPößneck/Saale-Orla
14%
RGRiesa, Großenhain/Meißen
14%
SCSchwabach
14%
WBWittenberg
14%
FIFinsterwalde/Elbe-Elster
13%
HRHomberg/Schwalm-Eder
13%
JEJessen/Wittenberg
13%
LRLahr/Ortenaukreis
13%
OZOschatz/Nordsachsen
13%
VRVorpommern-Rügen
13%
Börde
12%
CACalau/Oberspreewald-Lausitz
12%
TPTemplin/Uckermark
12%
FTFrankenthal
11%
LFLaufen/Berchtesgadener Land+Altötting+Traunstein
11%
NDNeuburg an der Donau/Neuburg-Schrobenhausen
11%
GNGelnhausen/Main-Kinzig
10%
LHLüdinghausen/Coesfeld+Unna
10%
RLRochlitz/Mittelsachsen
10%
BEBeckum/Warendorf
9%
BGBurgsteinfurt/Steinfurt
9%
HVHavelberg/Stendal
9%
TGTorgau/Nordsachsen
9%
WAWaldeck/Waldeck-Frankenberg
9%
WRWernigerode/Harz
9%
EBEilenburg/Nordsachsen
8%
VGVorpommern-Greifswald
8%
DLDöbeln/Mittelsachsen
7%
EWEberswalde/Barnim
6%
Mühldorf am Inn
5%
RHRoth
5%
EHEisenhüttenstadt/Oder-Spree
3%
MCMalchin/Mecklenburgische Seenplatte
3%

Verteilung der Resultate

Perzentil nach korrekt beantworteten Fragen

Anzahl Personen mit jedem Resultat

Ihre Resultats-Entwicklung

Sie haben dieses Quiz noch nicht gespielt